Vervollständige die Lyrics von Major Tom (Völlig losgelöst) - Statistiken

Allgemein
  • Dieses Quiz wurde 187 mal gespielt
  • Das Durchschnittsergebnis liegt bei 32 aus 43
Antwortstatistiken
Hint Antwort % Korrekt
... Los
96%
Völlig ... von der Erde losgelöst
96%
Völlig ... von der Erde losgelöst
96%
Völlig ... von der Erde losgelöst
96%
Völlig ... von der Erde losgelöst
96%
Schwebt das Raumschiff völlig ... schwerelos
94%
Dann ... er ab und hebt
93%
Dann ... er ab und hebt
93%
"Hallo, ... Tom, können Sie hören?" Major
89%
Schwebt das ... schwerelos Raumschiff
89%
Schwebt das ... völlig schwerelos Raumschiff
89%
... losgelöst von der Erde Völlig
86%
... losgelöst von der Erde Völlig
86%
Doch der ... läuft Countdown
85%
Und wartet auf den ... , alles klar Start
85%
Gründlich durchgecheckt ... sie da steht
85%
Das kennt ihr noch ... , ich komme bald nicht
84%
... das Raumschiff schwerelos Schwebt
78%
... das Raumschiff schwerelos Schwebt
78%
... das Raumschiff völlig schwerelos Schwebt
78%
Doch Major Tom macht einen ... Scherz
77%
Denkt ... Major Tom sich
77%
"Doch was nützen die am ... ?" Ende
75%
"Grüßt mir meine ...", und er verstummt Frau
75%
Major Tom ... sich: "Wenn die wüssten denkt
72%
Im Kontrollzentrum, da wird ... panisch man
71%
Effektivität bestimmt das ... Handeln
70%
... ist im Stress Jeder
70%
Doch er kann ... hör'n nichts
70%
Experten streiten sich um ein paar ... Daten
68%
Man verlässt sich ... auf den andern blind
67%
Alles läuft ... , schon seit Stunden perfekt
67%
Er schwebt ... weiter
67%
Jeder weiß genau, was von ihm ... abhängt
64%
Die ... hat da noch ein paar Fragen Crew
62%
Mir wird ..." kalt
62%
Die ... schimmert blau, sein letzter Funk kommt Erde
60%
Die ... ist überwunden Erdanziehungskraft
59%
... Experimente Wissenschaftliche
52%
"Woll'n Sie das ... denn so zerstören?" Projekt
49%
Der ... der Kapsel, der stimmt ja gar nicht Kurs
46%
Unten trauern noch die ... Egoisten
28%
Mich führt hier ein ... durch das All Licht
26%
Keine übereinstimmenden Quizze gefunden
Verteilung der Resultate
Anzahl Personen mit jedem Resultat
Perzentil nach korrekt beantworteten Fragen
Ihre Resultats-Entwicklung
Sie haben dieses Quiz noch nicht gespielt